000 01758nam a2200445 i 4500
001 ELB57224
003 FlNmELB
006 m o d |
007 cr cnu||||||||
008 160424s2015 sp o 001 0 spa d
020 _z9788490422281
020 _a9788490422298 (e-book)
035 _a(MiAaPQ)EBC4422067
035 _a(Au-PeEL)EBL4422067
035 _a(CaPaEBR)ebr11162202
035 _a(OCoLC)984821172
040 _aFINmELB
_bspa
_erda
_cFINmELB
050 4 _aD7
_bR177 2015
080 _a91
082 0 _a909
_223
100 1 _aRamírez Sánchez, Manuel.
245 1 0 _aHistoria general /
_cManuel Ramírez Sánchez, María Luisa Toledo Bravo de Laguna, Germán Santana Pérez.
264 1 _aLas Palmas de Gran Canaria :
_bUniversidad de Las Palmas de Gran Canaria. Servicio de Publicaciones y Difusión Científica,
_c[2015]
300 _a1 recurso en línea (317 páginas)
336 _atexto
_btxt
_2rdacontent/spa
337 _acomputadora
_bc
_2rdamedia/spa
338 _arecurso en línea
_bcr
_2rdacarrier/spa
490 1 _aColección Manuales de Acceso ;
_v8
500 _aContiene índice.
588 _aDescripción basada en recurso en línea; Título de la página del título en PDF (e-libro, visto April 24, 2016).
590 _aRecurso electronico. Santa Fe, Arg. : e-libro, 2016. Disponible via World Wide Web. El acceso puede ser limitado para las bibliotecas afiliadas a e-libro.
650 0 _aHistory.
650 4 _aHistoria.
655 4 _aLibros electrónicos.
700 1 _aToledo Bravo de Laguna, María Luisa.
700 1 _aSantana Pérez, Germán.
797 2 _ae-libro, Corp.
830 0 _aColección Manuales de Acceso. ;
_v8.
856 4 0 _uhttps://elibro.net/ereader/usam/57224
999 _c155137
_d155137